Images That Start with 'Q' Quiz Stats

Quiz Updated Nov 8, 2017

Challenge
Share
Tweet
Score 0/20 Timer 04:00
10 Plays Today
% Correct
queen
94.3%
quarter
90.7%
quill
90.3%
quilt
87%
Quaker
83.3%
quail
83.1%
quiche
83%
quadriceps
81.3%
quartz
78.1%
quiz
72.9%
% Correct
quiver
69.8%
quesadilla
67.6%
quarry
57.3%
quid
50.6%
Qatar
47.4%
Quebec
44.3%
quinoa
37.4%
quince
33.7%
quaver
22.9%
quahog
21.2%

You're not logged in!

Compare scores with friends on all Sporcle quizzes.
Sign Up with Email
OR
Log In

You Might Also Like...

Show Comments

Extras

Top Quizzes Today


Score Distribution

Your Account Isn't Verified!

In order to create a playlist on Sporcle, you need to verify the email address you used during registration. Go to your Sporcle Settings to finish the process.